000 01224nam a2200289Ia 4500
001 Para_10118
003 CHAP
008 220125sSept xx 000 0 und d
010 _a208810
040 _cCHAP
090 _aPA CD - TESIS 196
100 _aMedina Cortés, Angel Salvador
_9125594
110 _aEvaluación de herbicidas preemergentes en sandía (Citrullus lanatus (Thumb) Mansf) / Ángel Salvador Medina Cortés, Víctor Alonzo Rodríguez López; Director J. Antonio Tafoya Razo
_9175143
245 _aEvaluación de herbicidas preemergentes en sandía (Citrullus lanatus (Thumb) Mansf) /
_c Ángel Salvador Medina Cortés, Víctor Alonzo Rodríguez López; Director J. Antonio Tafoya Razo
260 _aChapingo, Méx. :
_b el autor
300 _a1 CDS ROM (41 p.)
502 _aTesis (Ing. Agr. Esp. en Parasitología Agrícola). UACh. Departamento Parasitología Agrícola
700 _aTafoya Razo, J. Antonio. Director
_9171337
710 _aUACh. Departamento Parasitología Agrícola
_9164025
901 _aPA CD - TESIS 196
902 _aM
905 _a513220Septiembre,2012 abnm8100000000 06
910 _aSept
942 _cPARA
942 _cPARA
_d2
999 _c208810
_d208810